जीव-जन्तुओं का रोचक विज्ञान / (Record no. 14922)

MARC details
000 -LEADER
fixed length control field 01131 a2200253 4500
005 - DATE AND TIME OF LATEST TRANSACTION
control field 20080819160722.0
008 - FIXED-LENGTH DATA ELEMENTS--GENERAL INFORMATION
fixed length control field 080819t xxu||||| |||| 00| 0 hin d
010 ## - LIBRARY OF CONGRESS CONTROL NUMBER
LC control number HIN-83982
020 ## - INTERNATIONAL STANDARD BOOK NUMBER
Terms of availability 200.00
International Standard Book Number 9788190508650
035 ## - SYSTEM CONTROL NUMBER
System control number HN-56328
037 ## - SOURCE OF ACQUISITION
Stock number DBAD / PUB
040 ## - CATALOGING SOURCE
Original cataloging agency DPL
Language of cataloging HN
082 ## - DEWEY DECIMAL CLASSIFICATION NUMBER
Classification number 591
100 ## - MAIN ENTRY--PERSONAL NAME
Personal name निरूपमा
245 ## - TITLE STATEMENT
Title जीव-जन्तुओं का रोचक विज्ञान /
Statement of responsibility, etc निरूपमा
246 ## - VARYING FORM OF TITLE
Title proper/short title Jiiv jantuon kaa rochaka vigyana
Remainder of title by Nirupama
260 ## - PUBLICATION, DISTRIBUTION, ETC. (IMPRINT)
Place of publication, distribution, etc इलाहाबाद
Name of publisher, distributor, etc दीपक प्रिन्टिंग वर्क्स
Date of publication, distribution, etc 2007
270 ## - ADDRESS
Address 7-जे/5, ताशकन्द मार्ग
City इलाहाबाद
300 ## - PHYSICAL DESCRIPTION
Extent 160पृ
Dimensions 22 सेमी (सजिल्द)
Other physical details सचित्र
650 ## - SUBJECT ADDED ENTRY--TOPICAL TERM
Topical term or geographic name as entry element Zoology
650 ## - SUBJECT ADDED ENTRY--TOPICAL TERM
Topical term or geographic name as entry element जन्तु विज्ञान
942 ## - ADDED ENTRY ELEMENTS (KOHA)
Institution code [OBSOLETE] dpl
Koha item type Hindi Books
Source of classification or shelving scheme Dewey Decimal Classification
Classification part 591
Call number suffix निरूपमा
Holdings
Withdrawn status Lost status Source of classification or shelving scheme Damaged status Not for loan Collection code Home library Current library Date acquired Source of acquisition Cost, normal purchase price Total Checkouts Full call number Barcode Date last seen Copy number Cost, replacement price Price effective from Koha item type
    Dewey Decimal Classification   Not For Loan Non-fiction D.B.Act.Division D.B.Act.Division 19/08/2008 DBAD / PUB 200.00   591 निरूपमा HN-56328 15/09/2008 1 200.00 15/09/2008 Hindi Books

© Delhi Public Library
Hit Counter
free hit counter